Early American women : A documentary history : 1600-1900

Сохранить в:
Библиографические подробности
Главный автор: Woloch, Nancy
Формат:
Опубликовано: McGraw-Hill 1997
Метки: Добавить метку
Нет меток, Требуется 1-ая метка записи!
Thư viện lưu trữ: Mạng thư viện Đại học Đà Nẵng
LEADER 00563nam a2200229 a 4500
001 000029023
003 14293
005 20171030145630.0
008 171030s1997
040 |a LTT 
082 0 |a 305.41  |b WO-N 
100 1 |a Woloch, Nancy 
245 0 0 |a Early American women : A documentary history : 1600-1900  |c Nancy Woloch. 
260 |b McGraw-Hill  |c 1997 
500 |a ASIA 
OWN |a LTT 
999 |a From the UDN01 
TYP |a Monograph 
TYP |a Printed language 
980 |a Mạng thư viện Đại học Đà Nẵng